The apocalypse : (Record no. 101513)
[ view plain ]
| 000 -LEADER | |
|---|---|
| fixed length control field | 00670cam a2200205 a 4500 |
| 001 - CONTROL NUMBER | |
| control field | 15840295 |
| 005 - DATE AND TIME OF LATEST TRANSACTION | |
| control field | 20180111114655.0 |
| 008 - FIXED-LENGTH DATA ELEMENTS--GENERAL INFORMATION | |
| fixed length control field | 090728s2010 enk b 001 0 eng |
| 020 ## - INTERNATIONAL STANDARD BOOK NUMBER | |
| International Standard Book Number | 9781405113465 (hc : alk. paper) |
| 020 ## - INTERNATIONAL STANDARD BOOK NUMBER | |
| International Standard Book Number | 9781405113472 (pbk. : alk. paper) |
| 040 ## - CATALOGING SOURCE | |
| Transcribing agency | PK-LaUMT |
| 082 00 - DEWEY DECIMAL CLASSIFICATION NUMBER | |
| Classification number | 220.046 |
| Edition number | 22 |
| Item number | HIM-A |
| 100 1# - MAIN ENTRY--PERSONAL NAME | |
| Personal name | Himmelfarb, Martha |
| 245 14 - TITLE STATEMENT | |
| Title | The apocalypse : |
| Remainder of title | a brief history / |
| Statement of responsibility, etc | Martha Himmelfarb |
| 260 ## - PUBLICATION, DISTRIBUTION, ETC. (IMPRINT) | |
| Place of publication, distribution, etc | Chichester ; |
| -- | Malden, MA : |
| Name of publisher, distributor, etc | Wiley-Blackwell, |
| Date of publication, distribution, etc | 2010 |
| 300 ## - PHYSICAL DESCRIPTION | |
| Extent | x, 178 p. ; |
| Dimensions | 23 cm. |
| 490 1# - SERIES STATEMENT | |
| Series statement | Blackwell brief histories of religion series |
| 650 #0 - SUBJECT ADDED ENTRY--TOPICAL TERM | |
| Topical term or geographic name as entry element | Apocalyptic literature |
| General subdivision | History and criticism. |
| 942 ## - ADDED ENTRY ELEMENTS (KOHA) | |
| Koha item type | Books |
| Withdrawn status | Lost status | Damaged status | Home library | Current library | Date acquired | Full call number | Barcode | Date last seen | Price effective from | Koha item type |
|---|---|---|---|---|---|---|---|---|---|---|
| UMT Main Campus | UMT Main Campus | 2018-01-11 | 220.046 HIM-A | 117380 | 2018-01-11 | 2018-01-11 | Books |
